|
|
|
|
| LEADER |
00697nab a2200181 i 4500 |
| 001 |
misc10271 |
| 005 |
20191106143050.0 |
| 008 |
170607s1926 hu o 0|| hun d |
| 022 |
|
|
|a 0025-0260
|
| 040 |
|
|
|a SZTE Miscellanea Repozitórium
|b hun
|
| 041 |
|
|
|a hun
|
| 100 |
1 |
|
|a Arató Amália
|
| 245 |
1 |
0 |
|a Középfokú leánynevelés Franciaországban
|h [elektronikus dokumentum] /
|c Arató Amália
|
| 260 |
|
|
|c 1926
|
| 300 |
|
|
|a 111-115
|
| 490 |
0 |
|
|a Magyar pedagógia : a Magyar Tudományos Akadémia Pedagógiai Bizottságának folyóirata
|v 35
|
| 695 |
|
|
|a Oktatásügy Franciaország, Franciaország oktatásügye
|
| 856 |
4 |
0 |
|u http://misc.bibl.u-szeged.hu/10271/1/mp_1926_2948_111-115.pdf
|z Dokumentum-elérés
|